[Event "8th Sunway Sitges 2021"]
[Site "Sitges ESP"]
[Date "2021.12.16"]
[Round "4.65"]
[White "Laddha, Shubh Jayesh"]
[Black "Sidhant, Mohapatra"]
[Result "0-1"]
[BlackTitle "IM"]
[WhiteElo "2171"]
[BlackElo "2360"]
[WhiteFideId "30942799"]
[BlackFideId "5028698"]
[EventDate "2021.12.13"]

1. e4 e5 2. Nf3 Nc6 3. Bc4 Nf6 4. d3 Be7 5. O-O O-O 6. Re1 d6 7. a4 Na5 8. Ba2
c5 9. c3 Nc6 10. Na3 h6 11. h3 Re8 12. Nc4 Bf8 13. Ne3 Be6 14. Bxe6 Rxe6 15. c4
Re8 16. Nd5 b6 17. Be3 Nxd5 18. cxd5 Ne7 19. Nd2 f5 20. f3 f4 21. Bf2 g5 22. Nc4
h5 23. Kf1 Rb8 24. Qd2 Ng6 25. b4 Qd7 26. Reb1 g4 27. Ke2 Be7 28. bxc5 bxc5 29.
hxg4 hxg4 30. Rh1 Kg7 31. Rh5 g3 32. Bxc5 dxc5 33. Nxe5 Qd6 34. Rah1 Rh8 35.
Rxh8 Rxh8 36. Rxh8 Qxe5 37. d4 cxd4 38. Rh1 Nh4 39. Kd3 Bf6 40. Rxh4 Bxh4 41.
Qb4 Bf6 42. Qb7+ Kg6 43. Qc8 Qd6 44. Kc4 a5 45. Kb5 d3 46. Qg4+ Kf7 47. Qh5+ Kg7
48. Qg4+ Kf8 49. Qc8+ Kf7 50. Qf5 d2 51. Qh5+ Kg7 52. Qg4+ Kf8 53. Qc8+ Kg7 54.
Qc2 Qb8+ 55. Ka6 Qa8+ 56. Kb6 Qb8+ 57. Ka6 Bd4 0-1

[Event "8th Sunway Sitges 2021"]
[Site "Sitges ESP"]
[Date "2021.12.16"]
[Round "4.66"]
[White "Atanasov, Anthony"]
[Black "Santarius, Erik"]
[Result "1/2-1/2"]
[WhiteTitle "FM"]
[BlackTitle "IM"]
[WhiteElo "2162"]
[BlackElo "2355"]
[WhiteFideId "2623897"]
[BlackFideId "2025817"]
[EventDate "2021.12.13"]

1. d4 d5 2. Bf4 c5 3. e3 cxd4 4. exd4 Nc6 5. Nf3 Bg4 6. Nbd2 e6 7. c3 Bd6 8.
Bxd6 Qxd6 9. Qb3 Qc7 10. Bb5 Bxf3 11. Nxf3 a6 12. Qa4 Ne7 13. Bd3 Rc8 14. O-O
O-O 15. Rae1 b5 16. Qc2 g6 17. Qd2 Kg7 18. Ng5 h6 19. Nh3 b4 20. Re3 bxc3 21.
bxc3 Nf5 22. Rf3 Qd6 23. Nf4 Na5 24. g4 Ne7 25. Re1 Nc4 26. Qc1 Rc7 27. Bxg6
fxg6 28. Rxe6 Rxf4 29. Qxf4 Qxf4 30. Rxf4 Ng8 31. Rxa6 Nd2 32. h4 Ne4 33. g5
hxg5 34. hxg5 Ne7 35. Kg2 Nf5 36. Ra5 Nxc3 37. Rc5 Rxc5 38. dxc5 Kf7 39. c6 Ke6
40. c7 Kd7 41. f3 d4 42. Kf2 Nd1+ 43. Ke2 Nde3 44. Rxd4+ Nxd4+ 45. Kxe3 Nc6 46.
Ke4 Kxc7 47. f4 Ne7 48. Ke5 Nf5 49. Kf6 Nh4 50. f5 gxf5 51. g6 Nxg6 52. Kxf5 1/2-1/2

[Event "8th Sunway Sitges 2021"]
[Site "Sitges ESP"]
[Date "2021.12.16"]
[Round "4.67"]
[White "Webb, Laurence E"]
[Black "Salimova, Nurgyul"]
[Result "0-1"]
[WhiteTitle "FM"]
[BlackTitle "IM"]
[WhiteElo "2133"]
[BlackElo "2353"]
[WhiteFideId "402389"]
[BlackFideId "2915138"]
[EventDate "2021.12.13"]

1. b3 d5 2. Bb2 Nc6 3. Nf3 Bg4 4. e3 Nf6 5. h3 Bxf3 6. Qxf3 e5 7. Bb5 Bd6 8. Nc3
e4 9. Qe2 O-O 10. Bxc6 bxc6 11. d3 exd3 12. Qxd3 Qe7 13. O-O-O a5 14. Rhe1 Bb4
15. e4 Rfe8 16. Re2 dxe4 17. Qc4 Qe6 18. Rd4 Bxc3 19. Qxc3 Qf5 20. Kb1 Qg6 21.
g3 Nd5 22. Qe1 f5 23. a3 a4 24. b4 Qf7 25. g4 Nf4 26. Red2 Ne6 27. Rd7 Qg6 28.
gxf5 Qxf5 29. Qg1 Qg6 30. Qxg6 hxg6 31. Re2 Rad8 32. Rxd8 Nxd8 33. f3 e3 34. Bd4
Ne6 35. Rxe3 Kf7 36. Bc3 Rh8 37. Be5 Rxh3 38. Rc3 Rh5 39. f4 Rf5 40. b5 g5 41.
Rxc6 gxf4 42. Bxc7 f3 43. Bg3 Rxb5+ 44. Kc1 Rg5 45. Be1 Rg1 46. Kd2 Rg2+ 47. Kc3
f2 48. Bxf2 Rxf2 49. Kb4 g5 50. Kxa4 g4 51. Rc3 Rf3 0-1

[Event "8th Sunway Sitges 2021"]
[Site "Sitges ESP"]
[Date "2021.12.16"]
[Round "4.68"]
[White "Zadruzny, Nicolaj"]
[Black "Tarigan, Gilbert Elroy"]
[Result "0-1"]
[WhiteTitle "FM"]
[BlackTitle "IM"]
[WhiteElo "2348"]
[BlackElo "2149"]
[WhiteFideId "1709550"]
[BlackFideId "7108133"]
[EventDate "2021.12.13"]

1. d4 Nf6 2. c4 e6 3. Nf3 Bb4+ 4. Bd2 a5 5. a3 Bxd2+ 6. Qxd2 b6 7. Nc3 Bb7 8.
Qf4 O-O 9. e4 d6 10. O-O-O Nfd7 11. e5 Qe7 12. Bd3 Rd8 13. Ne4 dxe5 14. dxe5 Na6
15. Bc2 Nac5 16. Nxc5 Nxc5 17. Nd4 Rd7 18. f3 Rad8 19. Rd2 Be4 20. Rhd1 Bxc2 21.
Kxc2 h6 22. h4 Qe8 23. b3 c6 24. Qe3 Na6 25. g3 b5 26. Ne2 a4 27. Rxd7 axb3+ 28.
Qxb3 Rxd7 29. Rxd7 Qxd7 30. Qd3 Qc7 31. f4 Qa5 32. cxb5 cxb5 33. Qc3 b4 34. axb4
Qa4+ 35. Kd2 Nxb4 36. Ke1 Nd5 37. Qd4 Qc2 38. Kf2 h5 39. Kf1 Qb1+ 40. Kg2 Qe1
41. Qe4 Qd2 42. Kf3 Qe1 43. Kg2 g6 44. Qd3 Kg7 45. Qe4 Ne7 46. Qf3 Nf5 47. Qf2
Qd1 48. Ng1 Qd3 49. Qf3 Ne3+ 50. Kh1 Qd2 51. Qe2 Qc1 52. Kh2 Nf1+ 53. Kg2 Nxg3
54. Kxg3 Qxg1+ 55. Kh3 Qb1 56. Qf3 Qe1 57. Qg3 Qh1+ 58. Qh2 Qf3+ 59. Qg3 Qh1+
60. Qh2 Qxh2+ 61. Kxh2 g5 0-1

[Event "8th Sunway Sitges 2021"]
[Site "Sitges ESP"]
[Date "2021.12.16"]
[Round "4.69"]
[White "Kapitanchuk, Tomas"]
[Black "Dukic, Zachary"]
[Result "0-1"]
[WhiteTitle "FM"]
[WhiteElo "2323"]
[BlackElo "2140"]
[WhiteFideId "135046"]
[BlackFideId "2617188"]
[EventDate "2021.12.13"]

1. e4 c5 2. Nf3 Nc6 3. Bb5 g6 4. O-O Bg7 5. c3 e5 6. b4 cxb4 7. d4 exd4 8. cxd4
Nge7 9. a3 O-O 10. axb4 d5 11. e5 Bg4 12. Bxc6 Nxc6 13. b5 Bxf3 14. gxf3 Ne7 15.
Ba3 f6 16. e6 Re8 17. Nc3 Nf5 18. Re1 Rc8 19. Bc5 b6 20. Bb4 Rc4 21. Rxa7 Rxb4
22. Rd7 Qc8 23. Nxd5 Rxd4 24. Qb3 Qc4 25. Qxc4 Rxc4 26. Nc7 Rxc7 27. Rxc7 Bf8
28. Rd1 Rxe6 29. Rc6 Rxc6 30. bxc6 Bd6 31. Ra1 Ne7 32. Rb1 Nc8 33. Ra1 Kf7 34.
Ra8 Ne7 35. Ra7 Ke6 36. Rb7 Bc5 37. c7 Kd7 38. Kf1 Kc8 39. Ra7 Nc6 40. Ra8+ Kxc7
41. Rh8 h5 42. f4 f5 43. Ke2 Nd4+ 44. Ke3 Ne6+ 45. Kf3 Bd6 46. Ke3 Bxf4+ 47. Kf3
Bxh2 48. Rg8 g5 49. Rg6 g4+ 50. Ke3 Kd6 0-1

[Event "8th Sunway Sitges 2021"]
[Site "Sitges ESP"]
[Date "2021.12.16"]
[Round "4.70"]
[White "Nur Abidah, Shanti"]
[Black "Wong, Jianwen"]
[Result "1/2-1/2"]
[WhiteTitle "WIM"]
[BlackTitle "FM"]
[WhiteElo "1986"]
[BlackElo "2313"]
[WhiteFideId "7104898"]
[BlackFideId "5704715"]
[EventDate "2021.12.13"]

1. e4 c5 2. Nf3 Nc6 3. d4 cxd4 4. Nxd4 Nf6 5. Nc3 d6 6. Bg5 e6 7. Qd2 a6 8. f4
h6 9. Bxf6 Qxf6 10. Nf3 g5 11. fxg5 hxg5 12. Qxg5 Qxg5 13. Nxg5 Bd7 14. Nf3 Bh6
15. a3 Ke7 16. g4 Rag8 17. h3 Bf4 18. Bg2 Ne5 19. Nxe5 Bg3+ 20. Kd2 Bf4+ 21. Kd3
Bxe5 22. Nd1 f5 23. exf5 exf5 24. Ne3 fxg4 25. hxg4 Bxg4 26. Rxh8 Bxh8 27. Nxg4
Rxg4 28. Bxb7 Bxb2 29. Ra2 Rg3+ 30. Ke2 Bxa3 31. Bxa6 Rc3 32. Bd3 d5 33. Ke3
Bc5+ 1/2-1/2

[Event "8th Sunway Sitges 2021"]
[Site "Sitges ESP"]
[Date "2021.12.16"]
[Round "4.71"]
[White "Mohamed, Anees M"]
[Black "Nurgaliyev, Sauat"]
[Result "1-0"]
[WhiteTitle "FM"]
[BlackTitle "CM"]
[WhiteElo "2312"]
[BlackElo "2102"]
[WhiteFideId "35065815"]
[BlackFideId "13726285"]
[EventDate "2021.12.13"]

1. e4 c5 2. Nf3 d6 3. d4 cxd4 4. Nxd4 Nf6 5. Nc3 a6 6. Bg5 e6 7. f4 h6 8. Bh4
Qb6 9. Qd2 Qxb2 10. Rb1 Qa3 11. e5 dxe5 12. fxe5 Nfd7 13. Ne4 g5 14. Bg3 Qxa2
15. Rd1 Qb2 16. Nd6+ Bxd6 17. exd6 Nc6 18. Nxc6 bxc6 19. Be2 c5 20. O-O O-O 21.
Qe3 Qg7 22. h4 Bb7 23. hxg5 hxg5 24. Bd3 Bc6 25. Be1 Qe5 26. Qh3 f5 27. Bc4 Qe4
28. Bc3 Nf6 29. Rxf5 g4 30. Rg5+ Kf7 31. Qg3 Qxc4 32. Bxf6 Rg8 33. Rf1 Rxg5 34.
Bxg5+ Kg8 35. Rf4 Qxc2 36. Rxg4 Qb1+ 37. Bc1+ Kf7 38. Rg7+ 1-0

[Event "8th Sunway Sitges 2021"]
[Site "Sitges ESP"]
[Date "2021.12.16"]
[Round "4.72"]
[White "Aranha Filho, Alvaro Z."]
[Black "Ruperez, Miguel"]
[Result "1-0"]
[WhiteTitle "FM"]
[BlackTitle "CM"]
[WhiteElo "2283"]
[BlackElo "2092"]
[WhiteFideId "2103931"]
[BlackFideId "115177"]
[EventDate "2021.12.13"]

1. d4 Nf6 2. c4 e6 3. Nf3 Bb4+ 4. Nbd2 O-O 5. a3 Be7 6. e4 d6 7. Bd3 c5 8. d5
Nbd7 9. h3 a6 10. O-O e5 11. Nb1 Nh5 12. Re1 g6 13. Bh6 Ng7 14. g4 Nf6 15. b4 b6
16. Nc3 Kh8 17. Nd2 Ng8 18. Be3 f5 19. f3 Bh4 20. Re2 Nf6 21. Rg2 Rg8 22. Rb1 f4
23. Bf2 Bxf2+ 24. Rxf2 Bd7 25. Bc2 Qc7 26. Ba4 cxb4 27. axb4 b5 28. Bb3 Rgc8 29.
Kg2 Qb6 30. Qc2 Ra7 31. Ne2 Rac7 32. Qa2 g5 33. Nc1 Qd4 34. Ne2 Qb6 35. Nc1 Nge8
36. Ne2 Kg7 37. Nc1 h5 38. c5 dxc5 39. bxc5 Qxc5 40. Qa1 Qd6 41. Bd1 Rc3 42. Na2
Ra3 43. Qb2 a5 44. Be2 Ng8 45. Nf1 hxg4 46. hxg4 Ne7 47. Bxb5 Rb8 48. Qe2 Rxa2
49. Qxa2 Rxb5 50. Rxb5 Bxb5 51. Qxa5 Bxf1+ 52. Rxf1 Qb8 53. Qc3 Ng6 54. Rc1 Nh4+
55. Kf2 Kf6 56. Qc5 Nd6 57. Rc2 Ng6 58. Ra2 Nf7 59. Ra6+ Kg7 60. Qc6 Nh4 61.
Qf6+ Kg8 62. Qb6 Qe8 63. Qc6 Qe7 64. d6 Qe6 65. d7 Qxc6 66. Rxc6 Kf8 67. Re6 Nd8
68. Re8+ Kf7 69. Rxd8 Ke7 70. Re8+ 1-0

[Event "8th Sunway Sitges 2021"]
[Site "Sitges ESP"]
[Date "2021.12.16"]
[Round "4.73"]
[White "Lever, Erwan"]
[Black "Boixader Arbo, Xavier"]
[Result "1-0"]
[WhiteElo "2268"]
[BlackElo "2057"]
[WhiteFideId "20640099"]
[BlackFideId "32067305"]
[EventDate "2021.12.13"]

1. c4 e6 2. g3 d5 3. Bg2 Nf6 4. d4 c6 5. Nf3 dxc4 6. Ne5 Nbd7 7. Nxc4 Nb6 8. Ne5
Bd6 9. O-O O-O 10. Nd3 Nbd7 11. Nd2 e5 12. Nc4 Qe7 13. Nxd6 Qxd6 14. dxe5 Nxe5
15. Bf4 1-0

[Event "8th Sunway Sitges 2021"]
[Site "Sitges ESP"]
[Date "2021.12.16"]
[Round "4.74"]
[White "Perkampus, Laurin"]
[Black "Martin Barcelo, Carles"]
[Result "1-0"]
[WhiteElo "2081"]
[BlackElo "2266"]
[WhiteFideId "16232283"]
[BlackFideId "24561444"]
[EventDate "2021.12.13"]

1. d4 Nf6 2. c4 e6 3. Nc3 Bb4 4. Qc2 d6 5. Nf3 O-O 6. Bd2 Nbd7 7. a3 Bxc3 8.
Bxc3 c5 9. dxc5 Nxc5 10. g3 b6 11. Bg2 Bb7 12. Ng5 e5 13. Bxb7 Nxb7 14. f4 h6
15. fxe5 dxe5 16. Nf3 e4 17. Nh4 Qe7 18. Nf5 Qe6 19. Nxg7 Qxc4 20. O-O Nd5 21.
Nf5 Nxc3 22. bxc3 Qe6 23. Rf4 Kh7 24. Raf1 Nd6 25. Nxd6 Qxd6 26. Qxe4+ Kg7 27.
Rg4+ Kh8 28. Qd4+ Qxd4+ 29. cxd4 f5 30. Rgf4 Rad8 31. Rc1 Rd7 32. Rc6 Kg7 33. e3
Re8 34. Kf2 Rde7 35. Rc3 Kg6 36. Kf3 h5 37. Rc6+ Kg7 38. Rc3 Kg6 39. d5 Kf6 40.
Rd3 Ke5 41. d6 Rf7 42. Rfd4 Rd7 43. Rd5+ Kf6 44. R3d4 Kg6 45. Kf4 Re6 46. h3 a6
47. a4 Kh6 48. Rxf5 Rexd6 49. Ke5 Rxd4 50. exd4 Re7+ 51. Kf4 Rd7 52. Ke4 Rg7 53.
Rf6+ Kh7 54. Kf4 Rd7 55. Ke3 Re7+ 56. Kf4 Rd7 57. Ke3 Rg7 58. Rf3 Rg5 59. Ke4
Ra5 60. Rb3 Rxa4 61. Rxb6 Ra3 62. d5 Kg7 63. Kf4 Rd3 64. d6 h4 65. gxh4 a5 66.
Ra6 Kf6 67. Kg4 Rd4+ 68. Kh5 Kg7 69. Ra7+ Kf8 70. d7 Rd5+ 71. Kg6 Rd6+ 72. Kf5
Ke7 73. h5 Rxd7 74. Rxd7+ Kxd7 75. h6 1-0

[Event "8th Sunway Sitges 2021"]
[Site "Sitges ESP"]
[Date "2021.12.16"]
[Round "4.75"]
[White "Domene Mulyukov, Alexander"]
[Black "Caglar, Sila"]
[Result "1/2-1/2"]
[BlackTitle "WIM"]
[WhiteElo "1946"]
[BlackElo "2255"]
[WhiteFideId "24589802"]
[BlackFideId "6364063"]
[EventDate "2021.12.13"]

1. e4 g6 2. d4 Bg7 3. Nc3 c6 4. Nf3 d6 5. a4 Nf6 6. Bc4 O-O 7. O-O Nbd7 8. e5
dxe5 9. dxe5 Ng4 10. e6 Nde5 11. exf7+ Nxf7 12. Qxd8 Rxd8 13. Ng5 Nh6 14. Nce4
Bf6 15. Nc5 Bxg5 16. Bxg5 Kf8 17. Be3 Nf5 18. g4 N5d6 19. Ne6+ Bxe6 20. Bxe6 Ne4
21. f4 Rd6 22. f5 g5 23. Rae1 c5 24. b3 b6 25. Bxf7 Kxf7 26. Bf4 gxf4 27. Rxe4
Rg8 28. Rexf4 h5 29. h3 hxg4 30. hxg4 Kf6 31. R1f2 Ke5 32. Kg2 Rd1 33. Kf3 Re1
34. Rc4 Rh8 35. Re2+ Rxe2 36. Kxe2 Rh2+ 37. Kd3 Rh3+ 38. Kd2 Rh2+ 39. Kc3 Rg2
40. Kb2 Kd5 41. a5 b5 42. Rf4 Ke5 43. f6 exf6 44. Rf5+ Kd4 45. Rxf6 Rxg4 46. Rf7
b4 47. Rxa7 Kd5 48. Ra6 c4 49. bxc4+ Kxc4 50. Rb6 Rg5 51. a6 Ra5 52. Rh6 Kb5 53.
Kb3 Ra3+ 54. Kb2 Rxa6 55. Rxa6 Kxa6 56. Kb3 Kb5 57. c3 1/2-1/2

[Event "8th Sunway Sitges 2021"]
[Site "Sitges ESP"]
[Date "2021.12.16"]
[Round "4.76"]
[White "Sandhya Goli"]
[Black "Defromont, Benjamin"]
[Result "0-1"]
[BlackTitle "FM"]
[WhiteElo "1865"]
[BlackElo "2250"]
[WhiteFideId "5031923"]
[BlackFideId "36068829"]
[EventDate "2021.12.13"]

1. e4 e5 2. d4 Nc6 3. Nf3 exd4 4. Nxd4 Bb4+ 5. c3 Bc5 6. Nxc6 bxc6 7. Bc4 d5 8.
Bd3 Nf6 9. exd5 O-O 10. Bf4 Re8+ 11. Kf1 Bg4 12. Qc2 Qxd5 13. f3 Bxf3 0-1

[Event "8th Sunway Sitges 2021"]
[Site "Sitges ESP"]
[Date "2021.12.16"]
[Round "4.77"]
[White "Sreyas, Payyappat"]
[Black "Vignesh, B"]
[Result "0-1"]
[WhiteTitle "FM"]
[WhiteElo "2250"]
[BlackElo "1947"]
[WhiteFideId "46674969"]
[BlackFideId "35051555"]
[EventDate "2021.12.13"]

1. e4 c5 2. Nf3 Nc6 3. d4 cxd4 4. Nxd4 e5 5. Nb5 d6 6. c4 Nf6 7. N1c3 a6 8. Na3
Be7 9. Be2 Be6 10. O-O Rc8 11. Bg5 O-O 12. Bxf6 Bxf6 13. Nd5 Bxd5 14. exd5 Nd4
15. Nc2 Nxe2+ 16. Qxe2 Qc7 17. Ne3 Bg5 18. Rac1 f5 19. Qh5 Bxe3 20. fxe3 Qb6 21.
Qe2 f4 22. Rf3 fxe3 23. Rxe3 Qd4 24. g3 Rf6 25. Kg2 Rcf8 26. Rcc3 e4 27. h4 h5
28. Qxh5 Rf2+ 29. Kh3 Rf1 30. Qg6 Qd1 31. Qe6+ Kh8 32. Qxe4 Rh1+ 33. Qxh1 Qxh1+
34. Kg4 Qd1+ 35. Kg5 Qd4 36. h5 Qf6+ 37. Kg4 Qf5+ 38. Kh4 Kh7 39. b4 Kh6 40. g4
Qf2+ 41. Rg3 g5+ 42. hxg6 Kxg6 0-1

[Event "8th Sunway Sitges 2021"]
[Site "Sitges ESP"]
[Date "2021.12.16"]
[Round "4.78"]
[White "Perez Garcia, Jimena"]
[Black "Tuomainen, Felix"]
[Result "0-1"]
[BlackTitle "FM"]
[WhiteElo "1826"]
[BlackElo "2249"]
[WhiteFideId "24517127"]
[BlackFideId "1720813"]
[EventDate "2021.12.13"]

1. d4 Nf6 2. c4 c5 3. d5 b5 4. cxb5 a6 5. bxa6 g6 6. Nc3 Bg7 7. e4 O-O 8. Nf3
Qa5 9. Bd2 Bxa6 10. Be2 Bxe2 11. Qxe2 Qa6 12. e5 Ne8 13. Qe4 Nc7 14. Bf4 d6 15.
h4 e6 16. h5 exd5 17. Nxd5 Nxd5 18. Qxd5 Nc6 19. hxg6 hxg6 20. Bd2 dxe5 21. Ng5
Nd4 22. Qe4 Rad8 23. Rc1 f5 24. Qe3 e4 25. Kd1 f4 26. Qe1 Qa4+ 0-1

[Event "8th Sunway Sitges 2021"]
[Site "Sitges ESP"]
[Date "2021.12.16"]
[Round "4.79"]
[White "Samoun, Florent"]
[Black "Niharika, Ch"]
[Result "1-0"]
[WhiteTitle "FM"]
[WhiteElo "2247"]
[BlackElo "1935"]
[WhiteFideId "664995"]
[BlackFideId "35051270"]
[EventDate "2021.12.13"]

1. e3 c5 2. b3 d6 3. Bb2 Nc6 4. d4 cxd4 5. exd4 d5 6. Bd3 Nf6 7. Nf3 Nb4 8. Ne5
Qa5 9. O-O Nxd3 10. Qxd3 g6 11. a4 Bf5 12. Qb5+ Qxb5 13. axb5 Nd7 14. Nc3 Nxe5
15. dxe5 e6 16. b6 Bc5 17. Rxa7 Rxa7 18. bxa7 Kd7 19. Ra1 Ra8 20. Na4 Bxa7 21.
Nb6+ Bxb6 22. Rxa8 Bxc2 23. Rf8 d4 24. Rxf7+ Kc6 25. Rxh7 d3 26. Bc3 Bxb3 27.
Kf1 Bd4 28. Bd2 Bxe5 29. Rh6 b5 30. Rxg6 Bd5 31. h4 Bd6 32. Rg4 e5 33. h5 e4 34.
h6 Be5 35. h7 Kc5 36. Rg5 Bd4 37. Rg8 b4 38. h8=Q Bxh8 39. Rxh8 b3 40. Rc8+ Kb6
41. Bc3 Be6 42. Rb8+ Kc5 43. Ke1 1-0

[Event "8th Sunway Sitges 2021"]
[Site "Sitges ESP"]
[Date "2021.12.16"]
[Round "4.80"]
[White "Rakshitta, Ravi"]
[Black "Harish, Neeraj"]
[Result "1-0"]
[WhiteTitle "WIM"]
[WhiteElo "2240"]
[BlackElo "1851"]
[WhiteFideId "25073230"]
[BlackFideId "30958130"]
[EventDate "2021.12.13"]

1. e4 c5 2. Nf3 Nc6 3. Bb5 g6 4. O-O Bg7 5. c3 Nf6 6. Re1 O-O 7. d4 d5 8. e5 Ne4
9. Bxc6 bxc6 10. Be3 cxd4 11. cxd4 Qb6 12. Qc1 a5 13. Nc3 Nxc3 14. Qxc3 Bg4 15.
Nd2 a4 16. b3 f6 17. h3 Bd7 18. e6 Bxe6 19. Bf4 f5 20. Rxe6 Bxd4 21. Qc1 Bxa1
22. Qxa1 axb3 23. Nxb3 Qxb3 24. Rxe7 d4 25. Qxd4 Qb1+ 26. Kh2 Rf7 27. Rxf7 Kxf7
28. Qd7+ Kf6 29. Qxc6+ Kf7 30. Qxa8 1-0

[Event "8th Sunway Sitges 2021"]
[Site "Sitges ESP"]
[Date "2021.12.16"]
[Round "4.81"]
[White "Crevatin, Leo"]
[Black "Bogdanov, Artyom"]
[Result "1-0"]
[WhiteTitle "CM"]
[WhiteElo "2238"]
[BlackElo "1837"]
[WhiteFideId "1726307"]
[BlackFideId "13749200"]
[EventDate "2021.12.13"]

1. d4 Nf6 2. c4 e6 3. Nc3 Bb4 4. f3 d5 5. a3 Bxc3+ 6. bxc3 c5 7. cxd5 Nxd5 8.
dxc5 f5 9. Nh3 Qa5 10. Nf4 Qxc3+ 11. Bd2 Qxc5 12. Rc1 Qd4 13. Nxd5 Qxd5 1-0

[Event "8th Sunway Sitges 2021"]
[Site "Sitges ESP"]
[Date "2021.12.16"]
[Round "4.82"]
[White "Kumar, Sanjit S"]
[Black "Peist, Juergen"]
[Result "0-1"]
[BlackTitle "FM"]
[WhiteElo "1686"]
[BlackElo "2351"]
[WhiteFideId "468142"]
[BlackFideId "4606019"]
[EventDate "2021.12.13"]

1. d4 Nf6 2. c4 g6 3. Nc3 d5 4. Nf3 Bg7 5. Qb3 dxc4 6. Qxc4 O-O 7. e4 Be6 8. Qd3
Bg4 9. Be2 Nc6 10. Be3 Bxf3 11. Bxf3 e5 12. d5 Nd4 13. Bxd4 exd4 14. Ne2 Nd7 15.
Nxd4 c5 16. Ne2 Ne5 17. Qe3 Qa5+ 18. Qd2 Nd3+ 0-1

[Event "8th Sunway Sitges 2021"]
[Site "Sitges ESP"]
[Date "2021.12.16"]
[Round "4.83"]
[White "Guichard, Pauline"]
[Black "Shivika, Rohilla"]
[Result "1-0"]
[WhiteTitle "IM"]
[WhiteElo "2394"]
[BlackElo "2092"]
[WhiteFideId "639370"]
[BlackFideId "45015414"]
[EventDate "2021.12.13"]

1. d4 d5 2. c4 e6 3. Nf3 a6 4. Bg5 Nf6 5. e3 dxc4 6. Bxc4 b5 7. Bd3 Bb7 8. Nbd2
Nbd7 9. O-O c5 10. a4 b4 11. Be4 Qc8 12. Bxb7 Qxb7 13. Rc1 cxd4 14. Nxd4 Bd6 15.
Rc6 Be5 16. N2f3 Bxd4 17. Nxd4 O-O 18. Qc2 b3 19. Qc1 Rac8 20. Bxf6 Nxf6 21. Qc4
Rxc6 22. Nxc6 h6 23. Rc1 Kh7 24. Nd4 Rb8 25. h3 e5 26. Nc6 Re8 27. Rc3 Kh8 28.
a5 Nd7 29. Qd5 Nf6 30. Qc4 Nd7 31. Qa4 Nb8 32. Nd4 Rd8 33. Nf5 Qd5 34. Kh2 Qd2
35. Qh4 Re8 36. Rxb3 Nd7 37. Rb7 Qd5 38. Nxg7 Kxg7 39. Qg4+ Kf8 40. Rxd7 Qxa5
41. Qh5 Re7 42. Qxh6+ Ke8 43. Rd6 Rd7 44. Rxa6 1-0

[Event "8th Sunway Sitges 2021"]
[Site "Sitges ESP"]
[Date "2021.12.17"]
[Round "5.1"]
[White "Sethuraman, S.P."]
[Black "Kadric, Denis"]
[Result "1-0"]
[WhiteTitle "GM"]
[BlackTitle "GM"]
[WhiteElo "2613"]
[BlackElo "2572"]
[WhiteFideId "5021596"]
[BlackFideId "14403803"]
[EventDate "2021.12.13"]

1. e4 e5 2. Nf3 Nc6 3. Bb5 a6 4. Ba4 Bc5 5. c3 Nge7 6. d4 exd4 7. cxd4 Bb4+ 8.
Bd2 Bxd2+ 9. Qxd2 d5 10. exd5 Nxd5 11. Bxc6+ bxc6 12. O-O O-O 13. Rc1 Re8 14.
Na3 Re6 15. Nc4 Rb8 16. Nce5 Ne7 17. Rc5 f6 18. Nc4 Rb5 19. Ne3 Rd6 20. Qc2 Be6
21. a3 Bb3 22. Qe2 Rxc5 23. dxc5 Rd3 24. a4 Ng6 25. Ne1 Rd2 26. Qxa6 Ne5 27. Qb7
Be6 28. Qb4 Bc8 29. Qb3+ Kf8 30. Qc3 Ba6 31. b4 Re2 32. Rd1 Qe8 33. N1c2 Qh5 34.
Qd4 Qg5 35. Qe4 Kf7 36. b5 cxb5 37. Nd4 bxa4 38. Qd5+ Kg6 39. Qe4+ Kf7 40. f4
Qh4 41. Nxe2 Bxe2 42. Nf5 Qg4 43. h3 Nf3+ 44. Kf2 1-0

[Event "8th Sunway Sitges 2021"]
[Site "Sitges ESP"]
[Date "2021.12.17"]
[Round "5.2"]
[White "Korobov, Anton"]
[Black "Rios, Cristhian Camilo"]
[Result "1/2-1/2"]
[WhiteTitle "GM"]
[BlackTitle "GM"]
[WhiteElo "2699"]
[BlackElo "2460"]
[WhiteFideId "14105730"]
[BlackFideId "4403940"]
[EventDate "2021.12.13"]

1. e4 c5 2. Nf3 Nc6 3. d4 cxd4 4. Nxd4 Nf6 5. Nc3 e5 6. Ndb5 d6 7. Nd5 Nxd5 8.
exd5 Nb8 9. a4 Be7 10. Be2 O-O 11. O-O Nd7 12. Bd2 f5 13. a5 a6 14. Na3 f4 15.
Nc4 e4 16. f3 e3 17. Bb4 Rf6 18. Qd4 Qf8 19. g3 Ne5 20. Nb6 Rb8 21. Kg2 Rh6 22.
Nxc8 Qxc8 23. g4 Qxc2 24. Qd1 Qg6 25. Qd4 Qf6 26. Qe4 Rxh2+ 27. Kxh2 Qh4+ 28.
Kg2 Qg3+ 29. Kh1 Bh4 30. Bd1 Qh3+ 31. Kg1 Qg3+ 32. Kh1 Qh3+ 33. Kg1 Qg3+ 34. Kh1
Qh3+ 1/2-1/2

[Event "8th Sunway Sitges 2021"]
[Site "Sitges ESP"]
[Date "2021.12.17"]
[Round "5.3"]
[White "Van Foreest, Lucas"]
[Black "Cheparinov, Ivan"]
[Result "1/2-1/2"]
[WhiteTitle "GM"]
[BlackTitle "GM"]
[WhiteElo "2530"]
[BlackElo "2664"]
[WhiteFideId "1039792"]
[BlackFideId "2905540"]
[EventDate "2021.12.13"]

1. d4 Nf6 2. c4 e6 3. Nf3 d5 4. g3 Bb4+ 5. Bd2 a5 6. Bg2 O-O 7. Qc2 c5 8. dxc5
d4 9. Bxb4 axb4 10. O-O Nc6 11. Nbd2 e5 12. Ng5 h6 13. Nge4 Nd7 14. Nb3 Qe7 15.
e3 f5 16. Nd6 Nxc5 17. Bxc6 bxc6 18. Nxc8 Raxc8 19. exd4 Nxb3 20. Qxb3 exd4 21.
c5+ Qf7 22. Qxb4 Qd5 23. Rfd1 Rfd8 24. Rd3 Rb8 25. Qa3 Ra8 26. Qb4 Rab8 27. Qa3
Ra8 28. Qb4 Rab8 29. Qa3 Ra8 30. Qb4 Rab8 1/2-1/2